00378 a2200097 4500001001000000005001700010008004100027245006700068100002400135773012100159ART_2338420260410161930.0260409a 10aSobre una nueva interpretación de la función de la demanda1 aDieulefait, Enrique0 tRevista de la Facultad de Ciencias Económicas de la Universidad de Cuyog- Año XII, Nº 37 (ene. 1961)wREV22981